[Event "Tournoi Skype 020B"]
[Site "Skype"]
[Date "????.??.??"]
[Round "2.36"]
[White "Sahrane, Rayane"]
[Black "Cengiz, Ali Ekber"]
[Result "0-1"]
[WhiteElo "1000"]
[BlackElo "1200"]
[PlyCount "56"]

1. d4 d5 2. g4 h5 3. b4 hxg4 4. h3 Nf6 5. Rh2 e6 6. Bg2 Bc5 7. dxc5 e5 8. c3
Ne4 9. Qd3 g3 10. fxg3 f5 11. Nd2 Nc6 12. Nxe4 fxe4 13. Qxe4 dxe4 14. Bxe4 Rf8
15. Rb1 Qf6 16. Rf2 Qxf2+ 17. Kd2 Qxg1 18. Kc2 Rf2 19. Bd3 Bxh3 20. Bd2 Qxg3
21. Be1 O-O-O 22. Bxf2 Qxf2 23. a3 e4 24. b5 exd3+ 25. Kb2 Qxe2+ 26. Ka1 d2 27.
bxc6 d1=Q 28. Rxd1 Rxd1# 0-1

[Event "Tournoi Skype 020B"]
[Site "Skype"]
[Date "????.??.??"]
[Round "3.1"]
[White "Fernandez Cabello, Emilio"]
[Black "Ramirez Reina, Orlando"]
[Result "1-0"]
[WhiteElo "1520"]
[BlackElo "1372"]
[PlyCount "129"]

1. e4 Nf6 2. e5 Nd5 3. d4 d6 4. c4 Nb6 5. exd6 exd6 6. b3 Be7 7. Bb2 O-O 8. Nf3
Bg4 9. Be2 Bf6 10. Nc3 Bxf3 11. Bxf3 Re8+ 12. Ne2 c6 13. O-O N8d7 14. Rc1 Qc7
15. Nc3 a6 16. Ne4 Be7 17. Ba3 f5 18. Nc3 Bf6 19. g3 Re7 20. Qc2 g6 21. d5 c5
22. Ne2 Rae8 23. Nf4 Nf8 24. Bb2 Nbd7 25. Ne6 Nxe6 26. dxe6 Ne5 27. Bd5 b5 28.
h3 bxc4 29. bxc4 Rxe6 30. f4 Nd7 31. Rce1 Kf7 32. Rxe6 Rxe6 33. Re1 Nf8 34.
Bxf6 Kxf6 35. Bxe6 Nxe6 36. Qb2+ Nd4 37. Rb1 Qe7 38. Kh2 Qe3 39. Rf1 Qe2+ 40.
Qxe2 Nxe2 41. Kg2 g5 42. Re1 Nd4 43. Kf2 h6 44. Rb1 Ne6 45. Ke3 gxf4+ 46. gxf4
Nd4 47. Rb6 Ke6 48. Rxa6 Nc2+ 49. Kd2 Nb4 50. Ra4 d5 51. a3 Nc6 52. Ra6 Kd6 53.
cxd5 Kxd5 54. Rxc6 Kxc6 55. a4 Kb6 56. Kc3 h5 57. Kc4 Ka5 58. Kxc5 Kxa4 59. Kd5
Kb5 60. Ke5 Kc6 61. Kxf5 h4 62. Kg6 Kd7 63. f5 Ke8 64. Kg7 Ke7 65. f6+ 1-0

[Event "Tournoi Skype 020B"]
[Site "Skype"]
[Date "????.??.??"]
[Round "3.2"]
[White "Gerbaux, Regis"]
[Black "Levantini, Claudio"]
[Result "0-1"]
[WhiteElo "1505"]
[BlackElo "1242"]
[PlyCount "52"]

1. e4 e5 2. Nf3 Nc6 3. Bc4 Nd4 4. c3 Nxf3+ 5. Qxf3 Nf6 6. d4 d6 7. h3 exd4 8.
cxd4 Be7 9. e5 d5 10. exf6 dxc4 11. fxe7 Qxe7+ 12. Be3 Qb4+ 13. Nd2 Qxb2 14.
Qe4+ Kd8 15. O-O Re8 16. Qd5+ Bd7 17. Nxc4 Qb5 18. Qxf7 Be6 19. Bg5+ Kc8 20.
Rab1 Bxf7 21. Rxb5 Bxc4 22. Rc5 Bxf1 23. Kxf1 b6 24. Rc6 Kb7 25. d5 Rac8 26.
Bf4 Red8 0-1

[Event "Tournoi Skype 020B"]
[Site "Skype"]
[Date "????.??.??"]
[Round "3.3"]
[White "Hargez, Dany"]
[Black "Dhenain, Sebastien"]
[Result "0-1"]
[WhiteElo "1462"]
[BlackElo "1230"]
[PlyCount "92"]

1. e4 e5 2. Nf3 Nc6 3. Bc4 Bc5 4. Bd5 Nb4 5. Bc4 Nf6 6. d3 d5 7. Bb3 dxe4 8.
Nxe5 exd3 9. Bxf7+ Kf8 10. O-O Nxc2 11. Qxd3 Qxd3 12. Nxd3 Nxa1 13. Bc4 Bd6 14.
Bf4 Bxf4 15. Nxf4 b6 16. Nc3 Nc2 17. Nb5 Ne8 18. Rd1 Bg4 19. f3 Ne3 20. Rd4 c5
21. Re4 Nxc4 22. fxg4 Ned6 23. Ne6+ Kf7 24. Nxd6+ Nxd6 25. Ng5+ Kf6 26. Re6+
Kxg5 27. Rxd6 Rhe8 28. Rd5+ Kg6 29. h4 Kf7 30. g5 Kg8 31. h5 Re2 32. h6 g6 33.
b4 Rae8 34. bxc5 bxc5 35. Rxc5 Rxa2 36. Rc3 a5 37. Kh2 a4 38. Kg3 a3 39. Kf3
Rf8+ 40. Ke4 Re2+ 41. Kd4 Rd8+ 42. Kc4 a2 43. Ra3 Rc2+ 44. Kb3 Rxg2 45. Rxa2
Rb8+ 46. Ka3 Ra8+ 0-1

[Event "Tournoi Skype 020B"]
[Site "Skype"]
[Date "????.??.??"]
[Round "3.4"]
[White "Chavero, Victor"]
[Black "Kruk, Clementine"]
[Result "1-0"]
[WhiteElo "1376"]
[BlackElo "1443"]
[PlyCount "81"]

1. d4 d5 2. Nf3 Nf6 3. e3 Nc6 4. Bd3 Bg4 5. Nbd2 e6 6. a3 Bd6 7. b3 e5 8. dxe5
Nxe5 9. Bb2 Qd7 10. Be2 Qc6 11. Nxe5 Bxe2 12. Kxe2 Bxe5 13. Bxe5 Qa6+ 14. c4
dxc4 15. Nxc4 Ne4 16. Qd3 Nc5 17. Nd6+ cxd6 18. Qxa6 Nxa6 19. Bxd6 Kd7 20. Rhd1
Rac8 21. Be5+ Ke6 22. f4 Nc5 23. b4 Ne4 24. Rd3 f6 25. Bd4 Rc2+ 26. Kf1 Rhc8
27. Re1 Rf2+ 28. Kg1 Rcc2 29. f5+ Kxf5 30. Rf1 Kg4 31. Rxf2 Rxf2 32. Rd1 g5 33.
Rf1 Ra2 34. Bxf6 Rxa3 35. h3+ Kh4 36. Bd4 Rb3 37. Kh2 Rxb4 38. Bxa7 b5 39. Rf7
h5 40. Bc5 Nxc5 41. g3# 1-0

[Event "Tournoi Skype 020B"]
[Site "Skype"]
[Date "????.??.??"]
[Round "3.5"]
[White "Diaz, Jose Garcia"]
[Black "De Nobrega, George"]
[Result "1-0"]
[WhiteElo "1251"]
[BlackElo "1435"]
[PlyCount "63"]

1. d4 Nf6 2. c4 c6 3. Nc3 d5 4. e3 e6 5. Nf3 Nbd7 6. Bd3 Be7 7. O-O O-O 8. Re1
Re8 9. e4 dxc4 10. Bxc4 b5 11. Bd3 h6 12. Ne2 Bb4 13. Bd2 Bxd2 14. Qxd2 Bb7 15.
Rac1 a6 16. Ng3 e5 17. Nf5 Re6 18. Bb1 Kh7 19. d5 cxd5 20. exd5 Bxd5 21. Ne7+
g6 22. Nxd5 Nxd5 23. Qxd5 e4 24. Rxe4 Nf6 25. Qxd8 Rxd8 26. Rxe6 fxe6 27. Ne5
Nd5 28. Nxg6 Kg7 29. g3 Kf6 30. Nf4 Nxf4 31. gxf4 Rd4 32. f5 1-0

[Event "Tournoi Skype 020B"]
[Site "Skype"]
[Date "????.??.??"]
[Round "3.6"]
[White "Delmonte, Davide"]
[Black "Mordaa, Ahmad"]
[Result "1/2-1/2"]
[WhiteElo "1195"]
[BlackElo "1413"]
[PlyCount "57"]

1. e4 e5 2. Bc4 Nf6 3. Nf3 Nc6 4. d3 Bc5 5. O-O d6 6. c3 O-O 7. Qb3 Na5 8. Qa4
Nxc4 9. Qxc4 Be6 10. Qb5 Rb8 11. d4 exd4 12. cxd4 c6 13. Qd3 Bb6 14. Ng5 Re8
15. Nxe6 Rxe6 16. Nc3 Ba5 17. Bg5 h6 18. Bxf6 Qxf6 19. f4 Qh4 20. d5 Bb6+ 21.
Kh1 Rg6 22. f5 Rg5 23. dxc6 Rh5 24. Qxd6 Rd8 25. cxb7 Rxd6 26. b8=Q+ Rd8 27.
Qe5 f6 28. Qf4 Qxf4 29. Rxf4 1/2-1/2

[Event "Tournoi Skype 020B"]
[Site "Skype"]
[Date "????.??.??"]
[Round "3.7"]
[White "Khunte, Aniruddha"]
[Black "Briere, Jean"]
[Result "0-1"]
[WhiteElo "1000"]
[BlackElo "1390"]
[PlyCount "78"]

1. e4 e5 2. Nf3 Nc6 3. Nc3 Nf6 4. Bb5 d6 5. O-O Bd7 6. h3 Be7 7. d4 exd4 8.
Nxd4 Nxd4 9. Bxd7+ Qxd7 10. Qxd4 O-O 11. Bf4 a6 12. Rad1 Rad8 13. e5 dxe5 14.
Qxe5 Bd6 15. Qe3 Rfe8 16. Qg3 Nh5 17. Qg4 Qxg4 18. hxg4 Nxf4 19. Kh1 Re6 20.
Kg1 Rde8 21. g3 Ne2+ 22. Nxe2 Rxe2 23. a3 Rxc2 24. b4 Ree2 25. g5 g6 26. Rde1
b5 27. Kg2 Kg7 28. Kf3 Rxe1 29. Rxe1 Rc3+ 30. Re3 Rxe3+ 31. Kxe3 c5 32. f4 cxb4
33. axb4 Bxb4 34. Ke4 a5 35. g4 f6 36. gxf6+ Kxf6 37. g5+ Ke6 38. f5+ gxf5+ 39.
Kf4 Bd2+ 0-1

[Event "Tournoi Skype 020B"]
[Site "Skype"]
[Date "????.??.??"]
[Round "3.8"]
[White "Vincent, Andre"]
[Black "Jogi, Kalpesh"]
[Result "0-1"]
[WhiteElo "1386"]
[BlackElo "1000"]
[PlyCount "76"]

1. e4 e5 2. Nf3 Nf6 3. Nc3 d5 4. exd5 Nxd5 5. Nxe5 Be6 6. Bd3 Nxc3 7. bxc3 Qf6
8. Qe2 Nd7 9. Nxd7 Kxd7 10. Bb5+ c6 11. Bd3 Re8 12. O-O Bd6 13. Qh5 g6 14. Qf3
Qxf3 15. gxf3 Bd5 16. Kg2 Re5 17. Be4 Bxe4 18. fxe4 Rxe4 19. d3 Re2 20. Rb1 b5
21. Bb2 Rhe8 22. Kf3 Rxc2 23. a3 Ree2 24. Rbe1 Rxe1 25. Rxe1 Rxb2 26. Ra1 a5
27. h3 a4 28. c4 Rb3 29. Ke4 f5+ 30. Ke3 bxc4 31. Rd1 Rxa3 32. Kd4 cxd3 33.
Rxd3 Rxd3+ 34. Kxd3 a3 35. Kc3 h5 36. f3 g5 37. Kb3 g4 38. fxg4 fxg4 0-1

[Event "Tournoi Skype 020B"]
[Site "Skype"]
[Date "????.??.??"]
[Round "3.10"]
[White "Guillaume, Mickael"]
[Black "Vervoort, Jean-Louis"]
[Result "0-1"]
[WhiteElo "1353"]
[BlackElo "1209"]
[PlyCount "58"]

1. e4 e5 2. Nf3 Nc6 3. Bc4 h6 4. a3 Nf6 5. Nc3 Bc5 6. h3 O-O 7. d3 a6 8. Qe2 b5
9. Bd5 Bb7 10. Be3 Bd6 11. Nh4 Nxe4 12. Qg4 Nf6 13. Nf5 Nxg4 14. hxg4 Na5 15.
b4 Bxd5 16. Nxd5 Nc6 17. Rh5 Ne7 18. Ndxe7+ Bxe7 19. Kd2 g6 20. Nxh6+ Kg7 21.
Rh3 Bg5 22. Rf1 Bxe3+ 23. fxe3 f6 24. Rf2 Rh8 25. Nf5+ gxf5 26. Rxh8 Qxh8 27.
gxf5 Qh4 28. g3 Qh1 29. Kc3 Qe1+ 0-1

[Event "Tournoi Skype 020B"]
[Site "Skype"]
[Date "????.??.??"]
[Round "3.11"]
[White "Bacha, Mehdi"]
[Black "Aceituno, Stebe"]
[Result "0-1"]
[WhiteElo "1030"]
[BlackElo "1491"]
[PlyCount "64"]

1. d4 Nf6 2. f4 e6 3. e3 c5 4. c3 Nc6 5. Bd3 cxd4 6. cxd4 d5 7. Nf3 Be7 8. O-O
b6 9. Ne5 Nxe5 10. fxe5 Ne4 11. Nd2 f5 12. exf6 Nxf6 13. Nf3 O-O 14. Ne5 Bd6
15. Bd2 Bxe5 16. dxe5 Nd7 17. Rxf8+ Qxf8 18. Qh5 h6 19. Qg6 Qf7 20. Qh7+ Kf8
21. Qh8+ Ke7 22. Rf1 Nf6 23. exf6+ gxf6 24. Bc3 e5 25. Qxh6 Bb7 26. Bg6 Qg8 27.
Bb4+ Kd7 28. Bf5+ Kc6 29. Qxf6+ Kb5 30. Bd6 d4 31. Bd3+ Ka5 32. Bc2 Qxg2# 0-1

[Event "Tournoi Skype 020B"]
[Site "Skype"]
[Date "????.??.??"]
[Round "3.12"]
[White "Hernandez Lopez, Joaquin"]
[Black "Malbec, Robert"]
[Result "0-1"]
[WhiteElo "1289"]
[BlackElo "1477"]
[PlyCount "118"]

1. e4 e5 2. Nf3 Nc6 3. Bc4 Bc5 4. c3 Nf6 5. d3 a6 6. a3 d6 7. Nbd2 O-O 8. O-O
Qe7 9. Re1 Be6 10. Ba2 Bxa2 11. Rxa2 Qd7 12. Nb3 Ba7 13. Re2 Ne7 14. Bg5 Ne8
15. Qd2 Qe6 16. c4 f6 17. Be3 Qg4 18. Bxa7 Rxa7 19. Re3 Ng6 20. h3 Qh5 21. Kh1
Nf4 22. Ne1 f5 23. Nc1 Rf6 24. Rg3 Rg6 25. Rxg6 Qxg6 26. Qe3 Ra8 27. Ne2 Nxe2
28. Qxe2 f4 29. Qf3 Nf6 30. b3 h6 31. Rd2 Nh7 32. h4 Rf8 33. d4 Qf6 34. Qg4
exd4 35. Rd3 c5 36. Rf3 Qf7 37. Nd3 h5 38. Qxf4 Qxf4 39. Rxf4 Rxf4 40. Nxf4 Nf6
41. f3 Kf7 42. b4 g6 43. bxc5 dxc5 44. e5 Ne8 45. Nd5 Ke6 46. f4 d3 47. Ne3 b5
48. g4 d2 49. f5+ gxf5 50. g5 Kxe5 51. Nd1 bxc4 52. Kg1 Ng7 53. Kf2 Kd4 54. Ke2
c3 55. g6 f4 56. a4 a5 57. Nf2 f3+ 58. Kxf3 c2 59. Ke2 c1=Q 0-1

[Event "Tournoi Skype 020B"]
[Site "Skype"]
[Date "????.??.??"]
[Round "3.13"]
[White "Milanese, Serge"]
[Black "Ruiz Gomez, Luz Alba"]
[Result "1/2-1/2"]
[WhiteElo "1442"]
[BlackElo "1291"]
[PlyCount "93"]

1. e4 e5 2. Bc4 Bc5 3. Nf3 Nc6 4. c3 Nf6 5. d3 O-O 6. O-O d6 7. h3 h6 8. Bb3 a6
9. Be3 Ba7 10. Bxa7 Rxa7 11. c4 b5 12. Nc3 b4 13. Nd5 Bb7 14. Re1 Re8 15. a3 a5
16. axb4 axb4 17. Rxa7 Nxa7 18. Nxb4 c5 19. Na2 Nc6 20. Nc3 Nd4 21. Ba4 Bc6 22.
Nxd4 Bxa4 23. Nxa4 cxd4 24. b3 Qc7 25. Nb2 Ra8 26. Qd2 Nd7 27. Na4 Qb7 28. Qc2
Rb8 29. Rb1 Ra8 30. b4 Qa7 31. Ra1 Qb7 32. b5 Nb6 33. g3 Qc7 34. Ra2 Rb8 35.
Nxb6 Rxb6 36. Ra8+ Kh7 37. Kg2 Rxb5 38. Qa4 Rb8 39. Ra7 Rb7 40. Rxb7 Qxb7 41.
Kf3 Kg6 42. g4 Qe7 43. Kg3 Qf6 44. Qd7 Qf4+ 45. Kg2 Qf6 46. Qf5+ Qxf5 47. gxf5+
1/2-1/2

[Event "Tournoi Skype 020B"]
[Site "Skype"]
[Date "????.??.??"]
[Round "3.14"]
[White "Kruzeniski, Randy"]
[Black "Vello, Pablo"]
[Result "1/2-1/2"]
[WhiteElo "1425"]
[BlackElo "1289"]
[PlyCount "53"]

1. d4 Nf6 2. Nf3 d5 3. e3 g6 4. c4 c6 5. Nc3 e6 6. a3 Nbd7 7. b4 Bg7 8. Be2
dxc4 9. Bxc4 Nb6 10. Bb3 Nfd5 11. Nxd5 Nxd5 12. Bb2 O-O 13. O-O Bd7 14. e4 Nb6
15. a4 a5 16. bxa5 Rxa5 17. Bc3 Ra7 18. a5 Nc8 19. e5 Ne7 20. Bb4 Re8 21. Qd3
Nd5 22. Bd2 Bf8 23. Qc4 Qc7 24. Rfb1 Rc8 25. Bc2 c5 26. Be4 Qc6 27. Qd3 1/2-1/2

[Event "Tournoi Skype 020B"]
[Site "Skype"]
[Date "????.??.??"]
[Round "3.15"]
[White "Codina, Teresa"]
[Black "Sommadossi, Roberto"]
[Result "0-1"]
[WhiteElo "1283"]
[BlackElo "1423"]
[PlyCount "46"]

1. e4 e5 2. Nf3 Nc6 3. Bb5 a6 4. Ba4 b5 5. Bb3 Nf6 6. O-O Be7 7. Re1 O-O 8. c3
d5 9. exd5 e4 10. dxc6 exf3 11. Qxf3 Bg4 12. Qe3 Bd6 13. f4 Re8 14. Bxf7+ Kxf7
15. Qf2 Ne4 16. Qf1 Qh4 17. g3 Nxg3 18. Qf2 Rxe1+ 19. Qxe1 Ne2+ 20. Kf1 Qh3+
21. Kf2 Qxh2+ 22. Ke3 Qxf4+ 23. Kd3 Bf5+ 0-1

[Event "Tournoi Skype 020B"]
[Site "Skype"]
[Date "????.??.??"]
[Round "3.16"]
[White "Zenini, Simone"]
[Black "Maccaferri, Massimo"]
[Result "1-0"]
[WhiteElo "1420"]
[BlackElo "1261"]
[PlyCount "59"]

1. c4 e5 2. Nc3 d6 3. g3 h5 4. Nf3 h4 5. Ne4 hxg3 6. Nxg3 Bg4 7. Bg2 Bxf3 8.
exf3 Qg5 9. d4 Qg6 10. dxe5 dxe5 11. f4 Nc6 12. fxe5 f6 13. exf6 Nxf6 14. Qe2+
Be7 15. b3 O-O-O 16. Bxc6 bxc6 17. Be3 a5 18. c5 Rde8 19. Qa6+ Kd7 20. Rd1+ Nd5
21. Qe2 Bxc5 22. Rxd5+ cxd5 23. Qb5+ c6 24. Qxc5 Qb1+ 25. Kd2 Qxa2+ 26. Qc2 Qa3
27. Bc5 Rxh2 28. Qf5+ Re6 29. Bxa3 Rxf2+ 30. Qxf2 1-0

[Event "Tournoi Skype 020B"]
[Site "Skype"]
[Date "????.??.??"]
[Round "3.17"]
[White "Bucherie, Volcy"]
[Black "Marino, Giuseppe"]
[Result "0-1"]
[WhiteElo "1236"]
[BlackElo "1418"]
[PlyCount "62"]

1. c4 e5 2. Nc3 c6 3. Nf3 d6 4. e4 Be7 5. Be2 Nf6 6. O-O O-O 7. d3 h6 8. Be3
Be6 9. Qb3 b5 10. Rfd1 Qc7 11. Rac1 Nbd7 12. d4 exd4 13. Nxd4 Nc5 14. Nxe6 Nxb3
15. Nxc7 Nxc1 16. Nxa8 Nxe2+ 17. Nxe2 Rxa8 18. h3 Nxe4 19. Nd4 bxc4 20. Nxc6
Bf6 21. Bxa7 c3 22. bxc3 Nxc3 23. Rxd6 Nxa2 24. g4 Rc8 25. Nb8 Rc1+ 26. Kg2 Re1
27. Nd7 Bh4 28. f4 Nc3 29. Ne5 Re2+ 30. Kf3 Rh2 31. Rd8+ Bxd8 0-1

[Event "Tournoi Skype 020B"]
[Site "Skype"]
[Date "????.??.??"]
[Round "3.18"]
[White "Lecluyse, Koenraad"]
[Black "Dubois, Real"]
[Result "1-0"]
[WhiteElo "1208"]
[BlackElo "1381"]
[PlyCount "65"]

1. d4 d5 2. Nf3 c6 3. Bf4 Nf6 4. e3 Nbd7 5. Bd3 e6 6. O-O Be7 7. c3 O-O 8. Nbd2
a6 9. e4 dxe4 10. Nxe4 Nd5 11. Be3 N7f6 12. Ne5 Qc7 13. Qf3 Nxe4 14. Bxe4 Nf6
15. Bd3 Bd7 16. Qh3 g6 17. Qf3 Ne8 18. Ng4 f5 19. Nh6+ Kg7 20. Bf4 Qc8 21. Qe3
Bf6 22. g4 fxg4 23. Nxg4 Kg8 24. Bh6 Rf7 25. Bg5 e5 26. Nh6+ Kf8 27. Nxf7 Kxf7
28. Bxf6 Nxf6 29. dxe5 Ng4 30. Qf4+ Kg7 31. Bc4 Qf8 32. Qd4 Kh8 33. e6+ 1-0

[Event "Tournoi Skype 020B"]
[Site "Skype"]
[Date "????.??.??"]
[Round "3.19"]
[White "Khatanhar, Mohit"]
[Black "Martin, Elise"]
[Result "1-0"]
[WhiteElo "1369"]
[BlackElo "1038"]
[PlyCount "85"]

1. e4 e5 2. Nf3 Nc6 3. Be2 d6 4. h3 Nf6 5. d3 Be7 6. Nh2 b6 7. Be3 Bb7 8. O-O
h6 9. Nd2 O-O 10. Ndf3 Nb4 11. a3 Na6 12. Nh4 Nh5 13. Nf5 Bf6 14. Bxh5 Bc8 15.
Bg4 Nc5 16. h4 Ne6 17. f4 Ba6 18. fxe5 dxe5 19. Qf3 Re8 20. Qg3 Bb5 21. Bf3 c5
22. Ng4 Qd7 23. Ngxh6+ Kf8 24. Ng4 Rac8 25. Nxf6 Qe7 26. Nxe8 Qxe8 27. Qg4 c4
28. Qh5 Kg8 29. Nd6 Qd8 30. Nxc8 Qxc8 31. dxc4 Bxc4 32. Rf2 Qc7 33. Bg4 a5 34.
Bxe6 Bxe6 35. Raf1 a4 36. b3 axb3 37. cxb3 b5 38. b4 Qc3 39. Bc5 Qg3 40. Rxf7
Bxf7 41. Qxf7+ Kh7 42. Qh5+ Kg8 43. Rf8# 1-0

[Event "Tournoi Skype 020B"]
[Site "Skype"]
[Date "????.??.??"]
[Round "3.20"]
[White "Homme, Jim"]
[Black "Bhandari, Dattatrey"]
[Result "0-1"]
[WhiteElo "1204"]
[BlackElo "1361"]
[PlyCount "59"]

1. d4 d5 2. Nf3 g6 3. Bf4 Bg7 4. e3 Nf6 5. Bd3 a6 6. O-O c5 7. c3 c4 8. Bc2 b5
9. Nbd2 Nc6 10. Qe2 Nd7 11. e4 Nb6 12. e5 O-O 13. Rfe1 Be6 14. Rab1 a5 15. b3
Rc8 16. bxc4 Na7 17. c5 Na4 18. Bxa4 bxa4 19. Rb7 Nc6 20. Qe3 Rb8 21. Rxb8 Qxb8
22. Qd3 Qc7 23. Rb1 Bf5 24. Qb5 Bxb1 25. Nxb1 Rb8 26. Qd3 Qb7 27. Nbd2 Qb2 28.
Kf1 Qxa2 29. Ne1 Rb7 30. Nc2 0-1

[Event "Tournoi Skype 020B"]
[Site "Skype"]
[Date "????.??.??"]
[Round "3.21"]
[White "Battaglia, Gabriele"]
[Black "Borg, Anthony"]
[Result "0-1"]
[WhiteElo "1360"]
[BlackElo "1000"]
[PlyCount "68"]

1. e4 e5 2. Nf3 Bc5 3. Bb5 Nf6 4. d3 O-O 5. Nxe5 d6 6. Nf3 Bg4 7. O-O a6 8. Bc4
Nc6 9. Nc3 Ne5 10. Bd5 c6 11. Bb3 Nxf3+ 12. gxf3 Bh3 13. Re1 Qb6 14. Be3 Bxe3
15. Rxe3 Rad8 16. f4 Bc8 17. f5 d5 18. Re1 g6 19. Qf3 gxf5 20. exd5 cxd5 21.
Nxd5 Nxd5 22. Bxd5 Kh8 23. b3 Rd6 24. Kh1 Rh6 25. Qf4 Qf6 26. Rg1 Rh4 27. Qc7
b5 28. Qc6 Be6 29. f3 Qe5 30. Rg2 Qxa1+ 31. Rg1 Qe5 32. Rg2 Bxd5 33. Qc5 Qa1+
34. Rg1 Bxf3# 0-1

[Event "Tournoi Skype 020B"]
[Site "Skype"]
[Date "????.??.??"]
[Round "3.22"]
[White "Cengiz, Ali Ekber"]
[Black "Torres, Vicky"]
[Result "0-1"]
[WhiteElo "1200"]
[BlackElo "1359"]
[PlyCount "68"]

1. e4 c5 2. Nf3 e6 3. Bc4 d6 4. O-O Nc6 5. d3 Be7 6. b3 Nf6 7. h3 a6 8. a4 O-O
9. c3 d5 10. e5 dxc4 11. Ba3 Nd7 12. Re1 b5 13. bxc4 bxc4 14. dxc4 Bb7 15. Nbd2
Qc7 16. h4 Ncxe5 17. Bc1 Bxf3 18. Nxf3 Nxc4 19. Re4 Nd6 20. Bf4 Bf6 21. Bxd6
Qc6 22. Bxf8 Nxf8 23. Qc2 Ng6 24. Rb1 Rd8 25. h5 Ne7 26. h6 Nd5 27. Ne5 Nxc3
28. Nxc6 Nxb1 29. Nxd8 Nc3 30. Rc4 gxh6 31. Rg4+ Kf8 32. Rf4 Nd5 33. Rg4 Bxd8
34. Qxh7 Bf6 0-1

[Event "Tournoi Skype 020B"]
[Site "Skype"]
[Date "????.??.??"]
[Round "3.23"]
[White "Douichi, Mohammed"]
[Black "Porcabeuf, Jean-Marc"]
[Result "1-0"]
[WhiteElo "1192"]
[BlackElo "1337"]
[PlyCount "97"]

1. e4 e6 2. e5 d5 3. d4 c5 4. Nf3 Ne7 5. Be3 Ng6 6. Be2 Nd7 7. c3 Be7 8. O-O
O-O 9. Bd3 b6 10. Nbd2 Bb7 11. Bxg6 fxg6 12. Nb3 c4 13. Nc1 Rc8 14. Ne2 g5 15.
h3 Rf7 16. Ng3 Nf8 17. Nh5 Ng6 18. Nf6+ gxf6 19. exf6 Bxf6 20. Qc2 Qe7 21. Nh2
Rcf8 22. Ng4 Kg7 23. a4 Bc8 24. Rae1 e5 25. dxe5 Bxe5 26. Nxe5 Qxe5 27. Bd4 Qf6
28. Bxf6+ Rxf6 29. Qe2 R6f7 30. Qe3 Rf5 31. g4 Rf3 32. Qd4+ Kg8 33. Qxd5+ Kg7
34. Kg2 Nh4+ 35. Kh2 Ng6 36. Qxg5 Kg8 37. Kg2 Bb7 38. Re7 R3f5+ 39. Kg3 Rxg5
40. Rxb7 h5 41. Rxa7 hxg4 42. hxg4 Ne5 43. f4 Rxg4+ 44. Kh3 Rgxf4 45. Rxf4 Rxf4
46. Ra8+ Rf8 47. Ra6 Rf3+ 48. Kh4 Rxc3 49. bxc3 1-0

[Event "Tournoi Skype 020B"]
[Site "Skype"]
[Date "????.??.??"]
[Round "3.24"]
[White "Bustos, Ricardo"]
[Black "Sanchez Padilla, Armando Edilber"]
[Result "1/2-1/2"]
[WhiteElo "1318"]
[BlackElo "1000"]
[PlyCount "77"]

1. c4 Nf6 2. Nf3 Nc6 3. Nc3 e5 4. g3 d6 5. Bg2 Be7 6. O-O O-O 7. d3 h6 8. Nd5
Be6 9. Nxe7+ Qxe7 10. Qc2 Nb4 11. Qc3 c5 12. a3 Nc6 13. b3 d5 14. cxd5 Bxd5 15.
e4 Be6 16. Bb2 Nd7 17. Qc2 Rac8 18. Rac1 Na5 19. Nxe5 Bxb3 20. Qc3 Nxe5 21.
Qxe5 Qxe5 22. Bxe5 c4 23. Bc3 Nc6 24. d4 Rfe8 25. Rb1 Bc2 26. Rxb7 Bxe4 27.
Bxe4 Rxe4 28. d5 Nd4 29. Bxd4 Rxd4 30. Rxa7 Rxd5 31. Rb7 c3 32. Rbb1 c2 33.
Rbc1 Rd2 34. Rfe1 Rcd8 35. Kf1 R8d3 36. a4 Ra3 37. Re2 Rd1+ 38. Re1 Rad3 39.
Rxc2 1/2-1/2

[Event "Tournoi Skype 020B"]
[Site "Skype"]
[Date "????.??.??"]
[Round "3.25"]
[White "Baker, Abi"]
[Black "Farfallini, Michel"]
[Result "0-1"]
[WhiteElo "1118"]
[BlackElo "1316"]
[PlyCount "128"]

1. c4 d5 2. e3 Nf6 3. Nc3 e5 4. b3 a6 5. Bb2 Bd6 6. Nxd5 Nbd7 7. Bd3 c6 8.
Nxf6+ Nxf6 9. Qc2 O-O 10. O-O-O Re8 11. h4 Ng4 12. Bxh7+ Kh8 13. f3 Nf2 14. Nh3
Nxh1 15. Rxh1 Qxh4 16. c5 Bc7 17. g4 Qxh7 18. Qxh7+ Kxh7 19. Ng5+ Kg8 20. a4
Bd8 21. Ne4 Re6 22. g5 Rg6 23. Bxe5 Bxg5 24. f4 Rh6 25. Rf1 Be7 26. Rg1 Rg6 27.
Rf1 Bf5 28. Nd6 Bxd6 29. cxd6 Rd8 30. d4 f6 31. b4 fxe5 32. fxe5 Be6 33. Kc2
Rf8 34. Rf4 Rxf4 35. exf4 Rg2+ 36. Kd3 Bf5+ 37. Ke3 Rb2 38. b5 axb5 39. axb5
Rxb5 40. Kd2 Rb3 41. Ke2 Rd3 42. Kf2 Rxd4 43. Ke3 Ra4 44. Kf3 Ra3+ 45. Ke2 Bg4+
46. Kd2 Rf3 47. Ke2 Rxf4+ 48. Ke3 Ra4 49. Kd3 Bf5+ 50. Kc3 Re4 51. d7 Bxd7 52.
Kd3 Rxe5 53. Kd4 Re8 54. Kc5 g5 55. Kb6 g4 56. Kxb7 g3 57. Kc7 Bf5 58. Kxc6 g2
59. Kd6 g1=Q 60. Kd5 Qd1+ 61. Kc6 Rc8+ 62. Kb7 Rc2 63. Kb6 Qb1+ 64. Ka5 Ra2#
0-1

[Event "Tournoi Skype 020B"]
[Site "Skype"]
[Date "????.??.??"]
[Round "3.27"]
[White "Erten, Ozlem"]
[Black "Escudero Ocana, Francisco"]
[Result "0-1"]
[WhiteElo "1015"]
[BlackElo "1446"]
[PlyCount "88"]

1. d4 d5 2. c4 c6 3. e3 Nf6 4. Nc3 e6 5. Bd3 Bb4 6. Nf3 O-O 7. O-O Nbd7 8. Ne5
Bxc3 9. bxc3 Nxe5 10. dxe5 dxc4 11. Bxc4 Qxd1 12. Rxd1 Ne4 13. Ba3 Nxc3 14.
Bxf8 Nxd1 15. Rxd1 Kxf8 16. f4 b5 17. Bd3 g6 18. Bc2 Bb7 19. Be4 b4 20. Rd3 Ke7
21. Rb3 a5 22. a4 Rd8 23. Rd3 Rxd3 24. Bxd3 b3 25. Kf2 c5 26. Ke2 Bc6 27. Kd2
Bxa4 28. Kc3 f6 29. exf6+ Kxf6 30. Kb2 e5 31. Ka3 Bc6 32. Kxb3 Bxg2 33. Ka4 e4
34. Bc4 Kf5 35. Kxa5 Kg4 36. Kb5 Kf3 37. Kxc5 Kxe3 38. Kd5 h5 39. Ke5 h4 40.
Bf7 Kf3 41. Bxg6 e3 42. Be4+ Kf2 43. Bxg2 e2 44. Be4 e1=Q 0-1

[Event "Tournoi Skype 020B"]
[Site "Skype"]
[Date "????.??.??"]
[Round "3.28"]
[White "Martin, Jean-Claude"]
[Black "Gieschen, Mike"]
[Result "1-0"]
[WhiteElo "1434"]
[BlackElo "1212"]
[PlyCount "85"]

1. d4 d5 2. c4 c6 3. Nc3 Nf6 4. Bf4 Bf5 5. a3 Nbd7 6. cxd5 cxd5 7. Nb5 e5 8.
dxe5 Nh5 9. g3 a6 10. Nd6+ Bxd6 11. exd6 Nxf4 12. gxf4 Nf6 13. Qa4+ b5 14. Qb4
O-O 15. Bh3 Bxh3 16. Nxh3 Ne4 17. Qd4 Qxd6 18. Ng5 Nf6 19. Qe5 Qxe5 20. fxe5
Ng4 21. f4 Ne3 22. Kf2 d4 23. Rhc1 f6 24. Ne6 Rf7 25. Rc7 fxe5 26. Rxf7 Kxf7
27. Ng5+ Kg6 28. Ne6 exf4 29. Rg1+ Kf6 30. Nxd4 g5 31. Rc1 Rd8 32. Rc6+ Ke7 33.
Ne6 Rd6 34. Rxd6 Kxd6 35. Nxg5 h6 36. Nf7+ Ke6 37. Nxh6 Nd1+ 38. Kf3 Nxb2 39.
Kxf4 Nc4 40. Nf5 Nxa3 41. h4 b4 42. h5 b3 43. Nd4+ 1-0

[Event "Tournoi Skype 020B"]
[Site "Skype"]
[Date "????.??.??"]
[Round "3.29"]
[White "Amato, Ludovica"]
[Black "Junqueira, Leonardo De Faria"]
[Result "0-1"]
[WhiteElo "1198"]
[BlackElo "1489"]
[PlyCount "74"]

1. e4 e5 2. Nf3 Nc6 3. Bc4 Nd4 4. Nxd4 exd4 5. c3 Bc5 6. O-O Ne7 7. cxd4 Bxd4
8. Nc3 O-O 9. d3 d6 10. Bf4 Ng6 11. Bg3 c6 12. Re1 Ne5 13. Bb3 Qf6 14. Qd2 Ng4
15. h3 Ne5 16. Qf4 Qxf4 17. Bxf4 Nxd3 18. Red1 Bxf2+ 19. Kf1 Nxf4 20. Kxf2 Rd8
21. Rd2 Be6 22. Rad1 Bxb3 23. axb3 d5 24. exd5 cxd5 25. Kf3 Ne6 26. Nxd5 Kf8
27. Ne3 Rxd2 28. Rxd2 Ke8 29. Nf5 g6 30. Nd6+ Ke7 31. Nxb7 Rb8 32. Na5 Rb5 33.
Nc6+ Kf6 34. Nxa7 Rxb3+ 35. Ke2 Kg7 36. Rd3 Nf4+ 37. Ke3 Nxd3 0-1

[Event "Tournoi Skype 020B"]
[Site "Skype"]
[Date "????.??.??"]
[Round "3.30"]
[White "Mimouni, Driss"]
[Black "Bouffard, Georges"]
[Result "0-1"]
[WhiteElo "1000"]
[BlackElo "1432"]
[PlyCount "96"]

1. e4 Nc6 2. Nc3 Nf6 3. d3 e5 4. Nf3 Bb4 5. Bd2 a6 6. Nd5 Bc5 7. Bc3 Ng4 8. Qe2
Nxf2 9. Rg1 Ng4 10. h3 Bxg1 11. Nxg1 Qh4+ 12. Kd2 Nf2 13. Nf3 Qh6+ 14. Qe3
Qxe3+ 15. Kxe3 Nd4 16. Nxd4 exd4+ 17. Kxf2 dxc3 18. bxc3 Kd8 19. d4 Re8 20. e5
d6 21. exd6 cxd6 22. Rb1 b5 23. c4 Be6 24. Nf4 Bxc4 25. Bxc4 bxc4 26. c3 Ke7
27. d5 Rab8 28. Re1+ Kf8 29. Rxe8+ Kxe8 30. Ne2 Rb2 31. a4 Ra2 32. Ke3 Rxa4 33.
Kd4 Ra1 34. Kxc4 Ra4+ 35. Kd3 Ra3 36. Nd4 Kd7 37. g4 g6 38. g5 a5 39. Nb5 Rb3
40. Nd4 Rb8 41. c4 a4 42. c5 dxc5 43. Nc6 Rb3+ 44. Kc4 Kd6 45. Nd4 Rxh3 46. Nc6
a3 47. Nb4 cxb4 48. Kxb4 a2 0-1